CEPAL recomienda políticas más activas contra la desigualdad en educación

Tallennettuna:
Bibliografiset tiedot
Aineistotyyppi: Teksti
Tagit: Lisää tagi
Ei tageja, Lisää ensimmäinen tagi!

MARC

LEADER 00000 a a2200000 04500
001 10288
003
040
245 |a CEPAL recomienda políticas más activas contra la desigualdad en educación  
773 |g número 55; páginas 1 y 6  
999 |c 30612  |d 30612